| 000 | 00948nam a2200289Ia 4500 | ||
|---|---|---|---|
| 003 | OSt | ||
| 005 | 20220928121920.0 | ||
| 006 | a|||||r|||| 00| 0 | ||
| 007 | ta | ||
| 008 | 220927b |||||||| |||| 00| 0 eng d | ||
| 020 | _cEURO 99.99 | ||
| 024 | _a144435 | ||
| 037 |
_b61562, 04/03/2021, Segment Book Distributors _cTextual |
||
| 040 |
_aSDCL _cSDCL _beng |
||
| 041 |
_2eng _aeng |
||
| 082 | _aB2894, Q9 | ||
| 100 |
_aMunoz-Garcia Felix _9454823 |
||
| 245 | 0 |
_aStrategy and game theory _b Practice exercises with answers |
|
| 250 | _a2nd | ||
| 260 |
_aSwitzerland _bSpringer _c2019 |
||
| 300 |
_axiii,523p. _ccm. |
||
| 490 | _aSpringer texts in business and economics | ||
| 650 | _aBusiness Economics and Finance | ||
| 700 |
_a Toro-Gonzalez Daniel _9454824 |
||
| 942 |
_hB2894, Q9 _cTEXL _2CC |
||
| 999 |
_c768550 _d768550 |
||